Представление документа в формате RUSMARC

ПолеНазваниеЗначение
  Тип записи a
  Библиографический уровень m
001 Контрольный номер UONB/MAIN/9eafb0a5264d479cb08af56eb0dff5dc
005 Дата корректировки 20250707162447.8
010 Индекс ISBN __
a ISBN 5-229-00304-9
b Уточнения в пер.
d Цена 1 р. 50 к.
9 Тираж 1100 экз.
100 Данные общей обработки __
a Данные общей обработки 20220419d1990 u y0rusy0189 ca
101 Язык документа 0_
a Язык текста rus
102 Страна публикации __
a Страна публикации RU
105 Кодированные данные (монография) __
a Кодированные данные (монография) a z 001yy
200 Заглавие и сведения об ответственности 1_
a Заглавие Технология винтовой прокатки
f Первые сведения об ответственности И.Н. Потапов, П.И. Полухин
205 Сведения об издании __
a Основные сведения об издании 2-е изд., перераб. и доп.
210 Выходные данные 1_
a Место издания Москва
c Издательство Металлургия
d Дата издания 1990
215 Физическое описание __
a Объем 344 с.
c Иллюстрации/тип воспроизводства ил.
d Формат 21 см
320 Библиография __
a Библиография Библиогр.: с. 344
606 Тематические рубрики 0_
a Основная рубрика Прокатка металлов винтовая
610 Ключевые слова 0_
a Ключевые слова винтовая прокатка; технология винтовой прокатки; прокатка металлов
675 Индекс УДК __
a Индекс УДК 6П4.22-024
686 Индексы других классификаций __
a Классификационный индекс 34.621
2 Код системы rubbk
700 Автор _1
a Фамилия Потапов
b Имя (инициалы) И.Н.
g Полное личное имя Иван Николаевич
701 Альтернативная интеллектуальная ответственность _1
a Фамилия Полухин
b Имя (инициалы) П.И.
801 Источник записи _0
a Страна RU
b Организация Ульяновская ОНБ
c Дата составления 20220419
g Правила каталогизации RCR
801 Источник записи _1
a Страна RU
b Организация Ульяновская ОНБ
c Дата составления 20220419
g Правила каталогизации RCR
901 Тип документа __
t Тип документа m
909 Создатель записи __
a Создатель записи Оргеткина
b Дата создания записи 20220419